Algèbre non commutative

שמור ב:
מידע ביבליוגרפי
מחבר ראשי: Renault, Guy (Author)
פורמט: ספר
שפה:צרפתית
יצא לאור: París Gauthier-Villars 1975
סדרה:Varia Mathematica
נושאים:
תגים: הוספת תג
אין תגיות, היה/י הראשונ/ה לתייג את הרשומה!

MARC

LEADER 00000nam a2200000 a 4500
001 UCP2980
003 CL-VaPUC
008 990604e19750000FR |||||||||||||||||fre|d
082 0 4 |a 512.55  |b REN  |2 21 
100 0 |a Renault, Guy  |e author  |9 430027 
245 1 0 |a Algèbre non commutative 
300 |a 181 p 
942 |c BK 
945 |d 19990604 00:00:00  |a crobeson 
260 |a París  |b Gauthier-Villars  |c 1975 
650 0 |a Álgebra no conmutativa  |9 427733 
650 7 |a GRUPOS DE BRAUER  |2 CL-VaPUC  |9 423334 
583 |a last modification  |c 19990604 00:00:00  |k Rodrigo Vera 
490 0 |a Varia Mathematica 
999 |c 281433  |d 281431 
952 |0 0  |1 0  |4 0  |6 512_550000000000000_REN_1975  |7 0  |8 A  |9 322171  |a BIBMAT  |b BIBMAT  |d 2019-11-20  |i 1346814  |o 512.55 REN 1975  |p 1346814  |r 2025-01-07  |w 2019-11-20  |y BK  |k MAT